• 首页
  • 本馆介绍
  • 公告通知
  • 最新文献
  • 馆藏检索
  • 电子资源
  • 读者导购
  • 参考咨询
  • 我的图书馆
  • 登录
  • 详细信息显示
  • 放入我的书架
  • 预约/预借图书
  • 作者相关作品
  • 分类相关作品
  • 丛书相关作品
  • 出版社相关作品

书目信息

  • 表格格式
  • 工作单格式
  • 卡片格式
题名:
旋转、逆转火焰的热特性和污染排放特性
    
 
作者: 甄海生 著
分册:  
出版信息: 北京   中国水利水电出版社  2018.4
页数: 182页
开本: 24cm
丛书名:
单 册:
中图分类: O643.2 , X784
科图分类:
主题词: 火焰--燃烧化学--研究 , 燃料工业--污染防治--研究
电子资源:
ISBN: 978-7-5170-6377-3
000 01350nam0 2200241 450
001 4976
005 20181013164353.45
010    @a978-7-5170-6377-3@dCNY48.00
100    @a20180412d2018 em y0chiy0110 ea
101 0  @achi
102    @aCN@b110000
105    @ay z 000yy
200 1  @a旋转、逆转火焰的热特性和污染排放特性@9xuan zhuan 、 ni zhuan huo yan de re te xing he wu ran pai fang te xing@f甄海生著
210    @a北京@c中国水利水电出版社@d2018.4
215    @a182页@d24cm
330    @a本书旨在研究以液化石油气(LPG)为燃料的一种基于旋流的、超稳定燃烧的逆转扩散火焰(IDF)的热、污染和传热特性,主要以检验实验性质为主。第一章为概况和动机;第二张是研究的背景,其中包含与逆扩散火焰相关的前期工作的详细文献回顾;第三章介绍了实验装置、仪器和测量方法;第四章到第七章,分别介绍火焰外观、火焰结构、火焰温度场、火焰稳定气体种类、火焰冲击热传递、火焰比较等;第八章是旋转火焰的数值模拟,计算结果作为实验研究的补充;最后,在第九章中对本书的研究结果和结论进行了全面的讨论,并对今后的工作提出了建议。本书作为研究旋转、逆转火焰的学术类专著,具有较高的学术价值,对于专门从事研究旋转、逆转火焰的科研人员及学术类研究群体具有非凡意义。
606 0  @a火焰@x燃烧化学@x研究
606 0  @a燃料工业@x污染防治@x研究
690    @aO643.2@v5
690    @aX784@v5
701  0 @a甄海生@9zhen hai sheng@4著
801  0 @aCN@b91CIP@c20180412
905    @aMuseLib@dO643.2@e73
    
    旋转、逆转火焰的热特性和污染排放特性/甄海生著.-北京:中国水利水电出版社,2018.4
    182页;24cm
    
    
    ISBN 978-7-5170-6377-3:CNY48.00
    本书旨在研究以液化石油气(LPG)为燃料的一种基于旋流的、超稳定燃烧的逆转扩散火焰(IDF)的热、污染和传热特性,主要以检验实验性质为主。第一章为概况和动机;第二张是研究的背景,其中包含与逆扩散火焰相关的前期工作的详细文献回顾;第三章介绍了实验装置、仪器和测量方法;第四章到第七章,分别介绍火焰外观、火焰结构、火焰温度场、火焰稳定气体种类、火焰冲击热传递、火焰比较等;第八章是旋转火焰的数值模拟,计算结果作为实验研究的补充;最后,在第九章中对本书的研究结果和结论进行了全面的讨论,并对今后的工作提出了建议。本书作为研究旋转、逆转火焰的学术类专著,具有较高的学术价值,对于专门从事研究旋转、逆转火焰的科研人员及学术类研究群体具有非凡意义。
●
相关链接 在E读中查询图书 在五车中查询图书 在当当中查询图书 在豆瓣中查询图书


正题名:旋转、逆转火焰的热特性和污染排放特性     索取号:O643.2/73         预约/预借

序号 登录号 条形码 馆藏地/架位号 状态 备注
1 1127534   211275341   第二样本阅览室/ [索取号:O643.2/73] 在馆    
2 1127535   211275350   第三借阅区/ [索取号:O643.2/73] 在馆    
3 1127536   211275369   第三借阅区/ [索取号:O643.2/73] 在馆    
4 1127537   211275378   第三借阅区/ [索取号:O643.2/73] 在馆    
5 1127538   211275387   化学系资料室/ [索取号:O643.2/73] 在馆    
唐山师范学院图书馆 欢迎您!
大连网信软件有限公司© 版权所有